| 000 | 00349cam a2200145ua 4500 | ||
|---|---|---|---|
| 041 |
_aeng _h |
||
| 082 |
_a823.301 _bDOD/MA |
||
| 100 | _aDodd, E F . | ||
| 245 |
_aMagic Rickshaw / _cE F Dodd. _hTextual Documents |
||
| 260 |
_aLondon : _bOxford University Press , _c1964. |
||
| 300 | _a46 ; . | ||
| 504 | _a | ||
| 942 | _cBK | ||
| 999 |
_c12863 _d12863 |
||